La espiritualidad personal a la luz de J.H. Newman. Sanar la herida de la humanidad.

Guardado en:
Detalles Bibliográficos
Autor principal: Ker, Ian (autor)
Otros Autores: González Montes, Adolfo, Monseñor (prólogo)
Formato: Libro
Lenguaje:inglés
Publicado: Madrid, España: Ediciones Encuentro, 2006.
Colección:Ensayos,
Materias:
Etiquetas: Agregar Etiqueta
Sin Etiquetas, Sea el primero en etiquetar este registro!

MARC

LEADER 00000nam a22000007a 4500
003 CL-VaPUC
005 20220825130429.0
008 220816t2006 ||||| |||| 00| 0 eng d
999 |c 438342  |d 438340 
020 |a 84-7490-781-0 
040 |c Pontificia Universidad Católica de Valparaíso 
082 |2 22  |a 230.092 KER 2006 
100 |9 875594  |a Ker, Ian  |e autor 
245 |a La espiritualidad personal a la luz de J.H. Newman.  |b Sanar la herida de la humanidad.  
260 |a Madrid, España:   |b Ediciones Encuentro,   |c 2006. 
300 |a 183 páginas.  
490 |a Ensayos,   |n  270. 
500 |a c.1 Donación Sr. Rector Nelson Vásquez Lara, julio 2022. c.2 Donación Sr. Rector Nelson Vásquez Lara, julio 2022. 
583 |c 20220816  |k Yessy Sthefany Diaz Vidal 
600 0 |a Newman, John Henry,   |d 1801-1890  |x Cardenal   |x Iglesia Católica   |9 333795 
600 0 |a Newman, John Henry,   |d 1801-1890  |x Cardenal   |x Iglesia Católica   |9 333795 
700 |9 875595  |a González Montes, Adolfo,  |c Monseñor  |e prólogo  
942 |2 ddc  |c BK 
952 |0 0  |1 0  |2 ddc  |4 0  |6 230_092000000000000_KER_2006  |7 0  |8 A  |9 586246  |a BIBHIS  |b BIBHIS  |c GEN  |d 2022-08-16  |e Donación   |i 5654140  |o 230.092 KER 2006  |p 5654140  |r 2025-01-20  |t 1  |w 2022-08-16  |y BK  |k HIS 
952 |0 0  |1 0  |2 ddc  |4 0  |6 230_092000000000000_KER_2006  |7 0  |8 A  |9 586273  |a BIBHIS  |b BIBHIS  |c GEN  |d 2022-08-17  |e Donación   |i 5654145  |o 230.092 KER 2006  |p 5654145  |r 2025-01-20  |t 2  |w 2022-08-17  |y BK  |k HIS